Statistics for Famous Postage Stamps by Country

Click here to take the quiz!

General Stats

  • This quiz has been taken 40 times
  • The average score is 12 of 15

Answer Stats

Answer% Correct
United Kingdom
100%
France
92%
Germany
92%
China
89%
Ireland
89%
Sweden
89%
Italy
86%
Canada
83%
Jamaica
83%
Malta
83%
Russia
83%
Switzerland
78%
Austria
75%
United States
64%
Belgium
61%

Score Distribution

Percentile by Number Answered

Percent of People with Each Score

Your Score History

You have not taken this quiz